Ideas sobre psiquiatría forense / (Record no. 112705)

MARC details
000 -LEADER
campo de control de longitud fija 00625nam a2200181 4500
001 - NÚMERO DE CONTROL
campo de control 112705
003 - IDENTIFICADOR DE NÚMERO DE CONTROL
campo de control ES-MaACL
007 - CAMPO FIJO DE DESCRIPCIÓN FÍSICA--INFORMACIÓN GENERAL
campo de control de longitud fija t|
008 - DATOS DE LONGITUD FIJA--INFORMACIÓN GENERAL
campo de control de longitud fija 061121m19481949sp r ||||1| spa d
100 1# - ENTRADA PRINCIPAL--NOMBRE DE PERSONA
Nombre de persona Nieto Nieto, Gregorio.
9 (RLIN) 85702
245 10 - MENCIÓN DEL TÍTULO
Título Ideas sobre psiquiatría forense /
Mención de responsabilidad, etc. Gregorio Nieto Nieto ; dibujos de Villanueva.
250 ## - MENCION DE EDICION
Mención de edición 2ª. ed.
260 ## - PUBLICACIÓN, DISTRIBUCIÓN, ETC.
Lugar de publicación, distribución, etc. Soria :
Nombre del editor, distribuidor, etc. [s.n.],
Fecha de publicación, distribución, etc. 1948-1949 (
Fabricante Tip. Moderna)
300 ## - DESCRIPCIÓN FÍSICA
Extensión 2 v. ;
Dimensiones 16 cm.
505 8# - NOTA DE CONTENIDO CON FORMATO
Nota de contenido con formato Contiene: Vol. I Cómo se explora al enfermo mental. Vol II Continente y contenido del psiquísmo
700 1# - ENTRADA AGREGADA--NOMBRE PERSONAL
Nombre de persona Villanueva.
9 (RLIN) 115011
852 ## - LOCALIZACIÓN
Ubicación ES-MaACL
Número de control de estantería E-5205-6
Sublocalización o colección R.25735
Holdings
Estatus retirado Estado de pérdida Estado de daño No para préstamo Biblioteca de origen Biblioteca actual Ubicación en estantería Fecha de adquisición Fuente de adquisición Total de préstamos Signatura topográfica completa Código de barras Visto por última vez Precio de reemplazo Tipo de ítem Koha
        Biblioteca del Ateneo de Madrid Biblioteca del Ateneo de Madrid Depósito 2 17/01/2008     E-5205-6 1117562 23/02/2023 23/02/2023 Libro impreso